| 000 | 00938nam a2200241 a 4500 | ||
|---|---|---|---|
| 001 | 74039 | ||
| 003 | BD-RjUL | ||
| 005 | 20211209082459.0 | ||
| 008 | 180130s2016 bg ||||| b||| 00| 0 ben d | ||
| 020 |
_a9789849186823 _cTK. 280.00 |
||
| 035 | _a(BD-RjUL)74257 | ||
| 040 |
_aBD-RjUL _beng _cBD-RjUL |
||
| 041 | _aben | ||
| 082 |
_223 _a398.2095492 _bZAB 2016 |
||
| 100 |
_aজাহিদ , রওশন _9220032 |
||
| 245 | 1 | 0 |
_aবাংলাদেশের লোকসাহিত্য : পদ্ধতিগত সমীক্ষা / _c রওশন জাহিদ |
| 260 |
_aঢাকা : _bবটেশ্বর বর্ণন , _c২০১৬ |
||
| 300 |
_a১৪২ পৃ. ; _c২২ সেমি. |
||
| 504 | _aগ্রন্থপঞ্জি সম্বলিত | ||
| 650 |
_aলোক সাহিত্য _zবাংলাদেশ _9220033 |
||
| 650 |
_aFolk literature _zBangladesh _9220035 |
||
| 942 |
_2ddc _cBK |
||
| 999 |
_c74039 _d74039 |
||